| 000 | 00622nam a22002177a 4500 | ||
|---|---|---|---|
| 003 | OSt | ||
| 008 | 140419b xxu||||| |||| 00| 0 eng d | ||
| 100 | 1 | _aMa, Zung-Sung, d. 1945. / Ma, Ren-Chuen | |
| 041 | _aeng | ||
| 245 | 1 | 0 | _aMa's illustrated catalogue of the stamps of China / Illustrated catalogue of the stamps of China |
| 260 |
_aShanghai _bShun Chang & Co., |
||
| 300 | _a568 pages | ||
| 650 | 0 | _aChina | |
| 650 | 0 | _aCatalogs and Price Lists | |
| 650 | 0 | _aErrors and Varieties | |
| 650 | 0 | _aProduction | |
| 650 | 0 | _aEssays and Proofs | |
| 650 | 0 | _aStamps | |
| 650 | 0 | _aHistories | |
| 650 | 0 | _aPostal History | |
| 999 |
_c1543 _d1543 |
||